| 000 | 00683nam a2200241 i 4500 | ||
|---|---|---|---|
| 001 | bg | ||
| 100 | 1 | _aLUTY, Zbigniew | |
| 245 | 1 | 0 |
_aProcesy dynamiczne w rachunkowości / _cZbigniew Luty. |
| 260 |
_aWarszawa : _bWydaw. Naukowe PWN, _c1994. |
||
| 300 |
_a156, [4] s. : _bwykr. ; _c24 cm + _eDyskietka. |
||
| 504 | _aBibliogr. s. [159]. | ||
| 650 | 9 | _aArkusze kalkulacyjne | |
| 650 | 9 |
_aDecyzje _xfinanse |
|
| 650 | 9 | _aKalkulacja kosztów | |
| 655 | _aPodręczniki akademickie | ||
| 020 | _a8301114940 | ||
| 040 | _cBPK | ||
| 041 | 0 | _apl | |
| 080 | _a657.47:658.14/.17.011](075.8) | ||
| 920 | _a83-01-11494-0 | ||
| 942 | _cKS | ||
| 008 | s pl f |000 0 pol | ||
| 999 |
_c37445 _d37445 |
||
| 856 |
_uhttp://koha.tu.koszalin.pl/cgi-bin/koha/opac-detail.pl?biblionumber=37445 _yKatalog online BPK |
||